000 00564nam a2200181 4500
999 _c165096
_d165096
005 20190607124840.0
010 _aENG-125502
020 _a9789388398824
_c250.00
035 _aEN-109034
037 _bDBAD/PUB
082 _a332.1
100 _aSudha B.
245 _aCamel model analysis for banks /
_cby B.Sudha
260 _aTamil Nadu
_bShanlax Publications
_c2019
270 _a61,66 T.P.K. Main Road
_bVasantha Nagar, Madurai
_e625003
_mpublisher@shanlaxpublications.com
300 _a75p.
_c25cm(pbk)
942 _2ddc
_cEN
_h332.1
_mSUD